| 000 | 00885nam a2200253 i 4500 | ||
|---|---|---|---|
| 001 | bg | ||
| 245 | 0 | 0 |
_aMateriały szkoleniowe dla branży budowlanej / _c[aut. Krzysztof Brzykczy et al.]. |
| 250 | _aOprac. podstawowe sierpień 2002 r. - Aktualiz. bieżąca. | ||
| 260 |
_aWarszawa : _bWEKA, _c2002. |
||
| 300 |
_aSkoroszyt ; _c22 cm. |
||
| 650 | 9 |
_aBudownictwo _xbezpieczeństwo i higiena pracy |
|
| 650 | 9 | _aBezpieczeństwo i higiena pracy | |
| 650 | 9 |
_aBezpieczeństwo i higiena pracy _xprawo _zPolska _ystan na 2002 r. |
|
| 655 | _aPodręczniki | ||
| 700 | 1 | _aBRZYKCZY, Krzysztof | |
| 020 | _a8387287296 | ||
| 040 | _cBPK | ||
| 041 | 0 | _apl | |
| 080 | _a69:349.23/.24:331.45](438)(075.9) | ||
| 920 | _a83-87287-29-6 | ||
| 942 | _cKA | ||
| 008 | s pl f |000 0 pol | ||
| 999 |
_c35042 _d35042 |
||
| 856 |
_uhttp://koha.tu.koszalin.pl/cgi-bin/koha/opac-detail.pl?biblionumber=35042 _yKatalog online BPK |
||